International encyclopaedia of buddhism (v.37 : Indonesia and Iran/) (Record no. 20372)

000 -LEADER
fixed length control field 00480nam a22001571a 4500
020 ## - INTERNATIONAL STANDARD BOOK NUMBER
International Standard Book Number 9788174881564
082 ## - DEWEY DECIMAL CLASSIFICATION NUMBER
Classification number 294.303
Item number NAG/I
245 ## - TITLE STATEMENT
Title International encyclopaedia of buddhism (v.37 : Indonesia and Iran/)
Statement of responsibility, etc. by Nagendra Kumar Singh (ed.)
260 ## - PUBLICATION, DISTRIBUTION, ETC.
Place of publication, distribution, etc. New Delhi:
Name of publisher, distributor, etc. Anmol,
Date of publication, distribution, etc. 1996.
300 ## - PHYSICAL DESCRIPTION
Extent 139+113p.
650 ## - SUBJECT ADDED ENTRY--TOPICAL TERM
Topical term or geographic name entry element Encyclopaedia Buddhism
9 (RLIN) 127893
650 ## - SUBJECT ADDED ENTRY--TOPICAL TERM
Topical term or geographic name entry element Buddhism Iran
9 (RLIN) 127894
650 ## - SUBJECT ADDED ENTRY--TOPICAL TERM
Topical term or geographic name entry element Buddhism Indonesia
9 (RLIN) 127895
650 ## - SUBJECT ADDED ENTRY--TOPICAL TERM
Topical term or geographic name entry element Religion
9 (RLIN) 127896
942 ## - ADDED ENTRY ELEMENTS (KOHA)
Koha item type Book
Holdings
Withdrawn status Lost status Damaged status Not for loan Permanent Location Current Location Date acquired Cost, normal purchase price Total Checkouts Full call number Barcode Date last seen Cost, replacement price Price effective from Koha item type
        Sree Sankaracharya University of Sanskrit Sree Sankaracharya University of Sanskrit 08.01.2015 1000.00   R 294.303 NAG/I 009745 08.01.2015 0.00 08.01.2015 Reference